Statystyki dla Kraje w Kalendarzu WRC 2024

Kliknij tutaj aby rozwiązać quiz!

Ogólne statystyki

  • Ten quiz został rozwiązany 9 razy
  • Średni wynik to 10 z 13

Statystyki odpowiedzi

RundaKraj% Poprawnych
9Finlandia
100%
1Monako
100%
7Polska
100%
2Szwecja
100%
5Portugalia
88%
13Japonia
75%
3Kenia
75%
6Włochy
75%
11Chile
63%
4Chorwacja
63%
8Łotwa
63%
12Niemcy
63%
10Grecja
50%

Rozkład punktacji

Percentyl według liczby udzielonych odpowiedzi

Procent ludzi z każdym wynikiem

Twoja historia wyników

Nie rozwiązałeś tego quizu